000 00478nam a2200169Ia 4500
999 _c1225
_d1225
003 OSt
005 20200930125021.0
008 190216s9999||||xx |||||||||||||| ||und||
040 _coclc
082 _a635.65
_bKAC/P
100 _aKachroo, P
_95209
245 0 _aPulse Crops Of India /
_cP Kachroo
260 _bIndian Council Of Agri Research,
_c1970.
_aNew Delhi:
300 _a334p
650 _aBotany
942 _cBK
_2ddc
_h635.65
_iKAC/P
_k635.65
_mKAC/P